00794nam a2200217Ia 4500008004100000020001800041040001800059041000800077100002700085245015800112260003700270300003800307500003800345504003000383650003300413650002600446650001400472650003400486700003100520765002500551130821s2007 ck a gr spa  a9789584503077 aCo-BoUCMbspa00aspa1 aHrebiniak, Lawrence G.10aAsegúrese de que la estrategia funcione cómo liderar la ejecución y el cambio eficacescLawrence G. Hrebiniak ; traducción de Efraín Sánchez aBogotá (Colombia)bNormac2007 avii, 486 páginasbilustraciones aDonación Dr. Guillermo Galán. aIncluye índice general.04aAdministración de empresas04aCambio organizacional04aLiderazgo04aPlanificación estratégica1 aSánchez, Efraínetrad. tMaking strategy work